Gaming Quiz

Random Gaming or Mario Quiz
Score 0/30 Timer 03:00
27 Plays Today
% Correct
Mario
97.1%
Luigi
95.3%
Bowser
94.7%
Princess Peach
93.5%
Donkey Kong
93.1%
Wario
92.2%
Yoshi
91.4%
Toad
90.8%
Baby Mario
81.5%
Waluigi
80.8%
Diddy Kong
80.8%
Baby Luigi
80.1%
Daisy
78.9%
Koopa Troopa
73.2%
Bowser Jr.
68.5%
% Correct
Toadette
67.8%
Boo
62.5%
Goomba
62.2%
Shy Guy
60.3%
Dry Bones
56.3%
Birdo
52.7%
Bullet Bill
52%
Hammer Bro.
48%
Lakitu
41%
Piranha Plant
38.4%
Koopa Paratroopa
37%
Dixie Kong
35.7%
Toadsworth
33.1%
Wiggler
30.1%
Petey Piranha
27.7%
Remove Ads.
Support Sporcle.
Get the best of Sporcle when you Go Orange. This ad-free experience offers more features, more stats, and more fun while also helping to support Sporcle. Thank you for becoming a member.

You're not logged in!

Compare scores with friends on all Sporcle quizzes.
OR
Log In

Sporcle TV

Today on Sporcle TV


Watch our educational content, quiz creation guides, and fun videos on Sporcle TV.

Show Comments

Extras

Top Quizzes Today


Score Distribution

Paid Content

Your Account Isn't Verified!

In order to create a playlist on Sporcle, you need to verify the email address you used during registration. Go to your Sporcle Settings to finish the process.

Report this User

Report this user for behavior that violates our Community Guidelines.

Details: